00200nam a2200085Ia 4500008004100000041000800041100001800049245002300067260002400090231212s1936 xx 000 0 und d aeng aRamamoorty M. aThyristors & Their aDelhibNiralic1936